Sociedades hospitalarias. Costa Rica y la acogida de inmigrantes /

Na minha lista:
Detalhes bibliográficos
Autor principal: Jiménez Matarrita, Alexander
Outros Autores: ed.
Formato: Texto
Publicado em: San José: Arlekin
Assuntos:
Tags: Adicionar Tag
Sem tags, seja o primeiro a adicionar uma tag!

MARC

LEADER 00000 a a2200000 04500
001 31583
003
040
020 |a 9968-834-60-45  
090 |a 199008  
100 |a Jiménez Matarrita, Alexander  
245 |a Sociedades hospitalarias. Costa Rica y la acogida de inmigrantes /  |c Alexander Jiménez Matarrita 
260 |a San José:   |b Arlekin  
300 |a 152 p  
650 |a EMIGRACION  
650 |a INMIGRACION  
650 |a DISCRIMINACION RACIAL  
700 |a ed.  
999 |c 8826  |d 8826